Music Quiz

Random Music or Song Quiz

Guess Which Christian Song Quiz Stats

Quiz not verified by Sporcle

Challenge
Share
Tweet
Embed
Score 0/177 Timer 10:00
0 Plays Today
Lyrics Word % Correct
the
62.1%
the
62.1%
the
62.1%
The
62.1%
The
62.1%
The
62.1%
You
62.1%
me
58.6%
me
58.6%
love
58.6%
me
58.6%
me
58.6%
love
58.6%
me
58.6%
God
55.2%
God
55.2%
God
55.2%
and
51.7%
And
51.7%
He
51.7%
and
51.7%
and
51.7%
was
48.3%
was
48.3%
am
44.8%
my
44.8%
my
44.8%
My
44.8%
my
44.8%
my
44.8%
my
44.8%
my
44.8%
be
44.8%
My
44.8%
My
44.8%
my
44.8%
be
44.8%
I
41.4%
I
41.4%
I
41.4%
no
41.4%
grace
37.9%
how
37.9%
that
37.9%
a
37.9%
like
37.9%
but
37.9%
but
37.9%
see
37.9%
grace
37.9%
that
37.9%
to
37.9%
grace
37.9%
How
37.9%
that
37.9%
grace
37.9%
are
37.9%
like
37.9%
a
37.9%
Lyrics Word % Correct
grace
37.9%
to
37.9%
to
37.9%
are
37.9%
like
37.9%
a
37.9%
grace
37.9%
like
37.9%
to
37.9%
But
37.9%
are
37.9%
Amazing
34.5%
sweet
34.5%
sound
34.5%
saved
34.5%
once
34.5%
lost
34.5%
now
34.5%
found
34.5%
now
34.5%
heart
34.5%
been
34.5%
amazing
34.5%
been
34.5%
been
34.5%
amazing
34.5%
blind
31%
his
31%
we
31%
Lord
31%
His
31%
His
31%
wretch
27.6%
Twas
27.6%
has
27.6%
reigns
27.6%
sing
27.6%
good
27.6%
has
27.6%
taught
24.1%
fear
24.1%
fears
24.1%
precious
24.1%
did
24.1%
appear
24.1%
hour
24.1%
first
24.1%
believed
24.1%
free
24.1%
Savior
24.1%
flood
24.1%
When
24.1%
as
24.1%
Than
24.1%
when
24.1%
first
24.1%
as
24.1%
as
24.1%
life
24.1%
Lyrics Word % Correct
free
24.1%
Savior
24.1%
flood
24.1%
here
24.1%
relieved
20.7%
chains
20.7%
gone
20.7%
I've
20.7%
set
20.7%
mercy
20.7%
Unending
20.7%
there
20.7%
sun
20.7%
will
20.7%
chains
20.7%
gone
20.7%
I've
20.7%
set
20.7%
mercy
20.7%
Unending
20.7%
will
20.7%
sun
20.7%
will
20.7%
ransomed
17.2%
we've
17.2%
We've
17.2%
hope
17.2%
portion
17.2%
long
17.2%
endures
17.2%
ransomed
17.2%
shine
17.2%
Bright
13.8%
days
13.8%
shield
13.8%
who
13.8%
forever
13.8%
mine
13.8%
forever
13.8%
mine
13.8%
ten
10.3%
thousand
10.3%
years
10.3%
shining
10.3%
less
10.3%
God's
10.3%
praise
10.3%
begun
10.3%
promised
10.3%
word
10.3%
earth
10.3%
soon
10.3%
dissolve
10.3%
snow
10.3%
forbear
10.3%
below
10.3%
secures
6.9%
called
6.9%
hath
3.4%

You're not logged in!

Compare scores with friends on all Sporcle quizzes.
Sign Up with Email
OR
Log In

You Might Also Like...

Show Comments

Extras

Top Quizzes Today


Score Distribution

Your Account Isn't Verified!

In order to create a playlist on Sporcle, you need to verify the email address you used during registration. Go to your Sporcle Settings to finish the process.